000 00701nam a2200217Ii 4500
003 JO-AjNU
008 230605s9999||||xx |||||||||||||| ||und||
017 _a2001/4/857
040 _aJO-AjNU
_bara
_erda
_cJO-AjNU
041 _aara
050 1 4 _aPJ7826.H292.R54 2002
100 3 _aتأليف الغنانيم، إبتسام محمد,
_eauthor
_948724
245 0 0 _aالريح تطرق النافذة
250 _aط1
264 3 1 _aعمان:جمعية الملك عبدالله الثاني الثقافية،2002
300 _a60ص
336 _atext
_btxt
_2rdacontent
337 _aunmediated
_bn
_2rdamedia
338 _avolume
_bnc
_2rdacarrier
650 4 _aالأدب العربي
_948725
999 _aA21357
_c24925
_d24925